Catálogo público

Propuesta técnica de compensación ambiental por cambio de uso de suelo del Ejido Alcantarillas, Apan, Hidalgo / (Record no. 220460)

MARC details
000 -CABECERA
campo de control de longitud fija 03989nam a2200349 a 4500
003 - IDENTIFICADOR DEL NÚMERO DE CONTROL
campo de control OSt
005 - FECHA Y HORA DE LA ÚLTIMA TRANSACCIÓN
campo de control 20250422092115.0
007 - CAMPO FIJO DE DESCRIPCIÓN FÍSICA--INFORMACIÓN GENERAL
campo de control de longitud fija cr ||||||a|c|a
008 - DATOS DE LONGITUD FIJA--INFORMACIÓN GENERAL
campo de control de longitud fija 250219s2024 mx a|||fom||| 001 0 spa d
040 ## - FUENTE DE LA CATALOGACIÓN
Normas de descripción rda
100 1# - ENTRADA PRINCIPAL--NOMBRE DE PERSONA
Nombre de persona Santiago Hernández, Noe
9 (RLIN) 189850
245 10 - MENCIÓN DE TÍTULO
Título Propuesta técnica de compensación ambiental por cambio de uso de suelo del Ejido Alcantarillas, Apan, Hidalgo /
Mención de responsabilidad, etc. por Noe Santiago Hernández; director de tesis Javier Santillán Pérez; secretario Jesús Manuel Cabrera Delgado; vocal Esperanza García Pascual; suplente Daniela Garibay Prado; suplente Martha Elena Aguilar López.
264 #1 - PRODUCCIÓN, PUBLICACIÓN, DISTRIBUCIÓN, FABRICACIÓN Y COPYRIGHT
Producción, publicación, distribución, fabricación y copyright Chapingo, México :
Nombre del de productor, editor, distribuidor, fabricante El autor,
Fecha de producción, publicación, distribución, fabricación o copyright 2024.
300 ## - DESCRIPCIÓN FÍSICA
Extensión 1 recurso en línea (128 páginas);
Otras características físicas figuras, cuadros.
336 ## - TIPO DE CONTENIDO
Fuente rdacontent
Término de tipo de contenido texto
Código de tipo de contenido txt
337 ## - TIPO DE MEDIO
Fuente rdamedia
Nombre/término del tipo de medio computadora
Código del tipo de medio c
338 ## - TIPO DE SOPORTE
Fuente rdacarrier
Nombre/término del tipo de soporte recurso en línea
Código del tipo de soporte cr
502 ## - NOTA DE TESIS
Tipo de título Ingeniería en Restauración Forestal
Nombre de la institución que otorga el título División de Ciencias Forestales,
Año de obtención del título 2024.
Información miscelánea Licenciatura
504 ## - NOTA DE BIBLIOGRAFÍA, ETC.
Nota de bibliografía, etc. Incluye referencias bibliográficas: páginas 101-108.
520 ## - SUMARIO, ETC.
Sumario, etc. El Ejido Alcantarillas se ubica al norte de Apan, municipio localizado al sur del estado de Hidalgo y forma parte del altiplano Hidalguense. Como resultado de las actividades humanas el suelo del ejido presenta una degradación alta, favorecida por la erosión hídrica y desaparición de la cobertura vegetal. A nivel nacional, la Comisión Nacional Forestal (CONAFOR) implementa desde el 2005 el programa de Compensación Ambiental por Cambio de Uso de Suelo en Terrenos forestales (CACUSTF), quien proporciona incentivos económicos para implementar obras y prácticas de conservación de suelos y restauración forestal para compensar los servicios ambientales. Se realizó un análisis de las áreas prioritarias y se seleccionó un área degradada del ejido; se delimitó el área, se describieron las condiciones y características del suelo, así como el tipo y nivel de degradación; además se obtuvo el Índice de Simpson y se calcularon los parámetros de la Ecuación Universal de Pérdida de Suelo (EUPS) “R, K, L, S, C, P”). Bajo la metodología empleada se registraron seis especies vegetales en el estrato herbáceo y dos en el arbustivo; no se registraron especies arbóreas en los sitios levantados, se calculó una perdida potencial de 269.06 ton/ha/año de suelo Se generó cartografía especializada del área y se determinó la necesidad de reforestar y realizar 30,710 terrazas individuales con Pinus rudis y P. cembroides, con reposición para el año dos con 12, 284 plántulas. Se propone para el año uno acondicionar 5,400 metros lineales de barreras vivas de nopal, 3,600 metros lineales de barreras de piedra acomodada, así como 48 m3 de presas de piedra acomodada, 3 kilómetros de brechas cortafuego con su respectiva rehabilitación; cercado con postes de fierro para una longitud de 2.7 kilómetros. El presupuesto calculado considero la protección, obras de conservación de suelos, reforestación, mantenimiento, monitoreo, incentivo a la restauración y el costo de asistencia técnica. El costo total del proyecto asciende a $756,225.92 MXN. Con las actividades propuestas se espera disminuir la pérdida de suelo y mejorar las condiciones ambientales del área con acciones de involucramiento social y generación de empleos para los habitantes del ejido.
650 #4 - PUNTO DE ACCESO ADICIONAL DE MATERIA--TÉRMINO DE MATERIA
Término de materia o nombre geográfico como elemento de entrada Suelos
Subdivisión general Conservación
9 (RLIN) 110283
650 #4 - PUNTO DE ACCESO ADICIONAL DE MATERIA--TÉRMINO DE MATERIA
Término de materia o nombre geográfico como elemento de entrada Suelos
Subdivisión general Degradación
9 (RLIN) 110336
650 #4 - PUNTO DE ACCESO ADICIONAL DE MATERIA--TÉRMINO DE MATERIA
Término de materia o nombre geográfico como elemento de entrada Reforestación
Subdivisión general Hidalgo
9 (RLIN) 95493
650 #4 - PUNTO DE ACCESO ADICIONAL DE MATERIA--TÉRMINO DE MATERIA
Término de materia o nombre geográfico como elemento de entrada Cambio climático
Subdivisión general Efecto en suelos
9 (RLIN) 132129
700 1# - PUNTO DE ACCESO ADICIONAL--NOMBRE DE PERSONA
Nombre de persona Santillán Pérez, Javier
9 (RLIN) 102430
Término indicativo de función/relación Director de tesis.
700 1# - PUNTO DE ACCESO ADICIONAL--NOMBRE DE PERSONA
Nombre de persona Cabrera Delgado, Jesús Manuel
9 (RLIN) 16657
Término indicativo de función/relación Secretario.
700 1# - PUNTO DE ACCESO ADICIONAL--NOMBRE DE PERSONA
Nombre de persona García Pascual, Esperanza
9 (RLIN) 134281
Término indicativo de función/relación vocal.
700 1# - PUNTO DE ACCESO ADICIONAL--NOMBRE DE PERSONA
Nombre de persona Garibay Prado, Daniela
9 (RLIN) 190120
Término indicativo de función/relación Suplente.
700 1# - PUNTO DE ACCESO ADICIONAL--NOMBRE DE PERSONA
Nombre de persona Aguilar López, Martha Elena
9 (RLIN) 190121
Término indicativo de función/relación Suplente.
856 ## - LOCALIZACIÓN Y ACCESO ELECTRÓNICOS
Identificador Uniforme del Recurso http://10.13.5.2/tesis/tl/1112190_1_SANTIAGO_HERNANDEZ_NOE.pdf
Nota pública DESCARGAR PDF
942 ## - ELEMENTOS DE PUNTO DE ACCESO ADICIONAL (KOHA)
Fuente del sistema de clasificación o colocación Clasificación Universidad Autónoma Chapingo
Tipo de ítem Koha Tesis digital
Holdings
Estado de retiro Estado de pérdida Fuente del sistema de clasificación o colocación Estado dañado Restricciones de uso No para préstamo Código de colección Localización permanente Ubicación/localización actual Ubicación en estantería Fecha de adquisición Total de préstamos Signatura topográfica completa Fecha visto por última vez Precio válido a partir de Tipo de ítem Koha
    Clasificación Universidad Autónoma de Chapingo   Préstamo interno   Tesis digitales de Licenciatura Biblioteca Digital Biblioteca Digital En línea 19/02/2025   Tesis digital 19/02/2025 19/02/2025 Tesis digital